000 01378nam a2200265Ia 4500
999 _c53247
_d53247
001 20288
003 GE_BSU
005 20200813173721.0
008 181216s1935||||ge |||||||||||||| ||geo||
040 _cGE_BSU
041 _ageo
080 _a82-93 : 821.161.1-3 ი-43
100 _aილინი, მ.
_99234
245 _aშავი თეთრზე :
_b[საშუალო ასაკისათვის] /
_cმ. ილინი ; თარგმანი რაისა და ნიკო კეჭაღმაძეებისა ; რედ. : ან. ღვინიანიძე ; მხატვ. ნ. ჩერნიშკოვი.
260 _b.
264 _aტფილისი :
_bსახელგამის საბავშო და ახალგაზრდობის სექტ. გა-მა და სტ.,
_c1935.
300 _a92 გვ. :
_bილ. ;
_c22 სმ.
541 _h28თ.
653 _aშავი თეთრზე
700 _aკეჭაღმაძე, რაისა
_eთარგმანი
_99235
700 _aკეჭაღმაძე, ნიკო
_d
_eთარგმანი
_99236
700 _aღვინიანიძე, ან.
_eრედაქტორი
_99237
700 _aჩერნიშკოვი, ნ.
_eმხატვარი
_99238
942 _cBK
_2udc